[Event "Montreal 3rd"]
[Site "Montreal"]
[Date "2002.08.02"]
[Round "8"]
[White "Rozentalis, Eduardas"]
[Black "Barbeau, Sylvain"]
[Result "1/2-1/2"]
[WhiteElo "2564"]
[BlackElo "2397"]
[Annotator "Postny,E"]
[PlyCount "61"]
[EventDate "2002.07.25"]
[EventType "tourn"]
[EventRounds "11"]
[EventCountry "CAN"]
[EventCategory "11"]
[SourceTitle "CBM 091"]
[Source "ChessBase"]
[SourceDate "2002.11.12"]
[SourceVersion "1"]
[SourceVersionDate "2002.11.12"]
[SourceQuality "1"]

1. e4 e5 2. Nf3 Nc6 3. Nc3 Nf6 4. g3 Bb4 5. Bg2 O-O 6. O-O Re8 (6... Bxc3 {
- see commented game Dzhumaev,M-Peng,X/Istanbul ol 2000/CBM 80/0-1/ (36) 
[Postny]}) 7. d3 h6 (7... Bxc3 8. bxc3 d5 9. exd5 Nxd5 10. Ng5 h6 11. Ne4 f5
12. c4 Nf6 13. Nc5 Qd6 14. Ba3 e4 15. dxe4 Qxd1 16. Raxd1 fxe4 17. Rfe1 Bf5 18.
Nxb7 Ne5 $44 {0-1 Glek,I-Zaitsev,I/Moscow 1991/EXT 2000 (36)}) 8. Nh4 $146 ({
Another way of development is} 8. h3 Bxc3 (8... d5 9. exd5 Nxd5 10. Nxd5 Qxd5
11. c3 Bf8 12. Nd4 Qd6 13. Nxc6 bxc6 14. f4 Ba6 15. fxe5 Qxd3 16. Qxd3 Bxd3 17.
Bxc6 Bc5+ 18. Kg2 Bxf1+ 19. Kxf1 Rad8 20. Bxe8 Rxe8 21. Bd2 {1/2-1/2 Vallejo
Pons,F-Candela Perez,J/Linares 1998/EXT 99 (21)}) 9. bxc3 d5 10. exd5 Nxd5 11.
Bd2 Bf5 12. Re1 Bh7 $6 (12... Qd7) 13. Nh2 Qd7 14. Ng4 Rad8 15. c4 Nb6 16. Bxc6
Qxc6 17. Nxe5 $16 {1-0 Mohr,G-Ceko,J/Ljubljana 2000/CBM 76 ext (31)}) 8... Bxc3
9. bxc3 d5 10. exd5 Nxd5 11. Bd2 (11. c4 Nf4 $1 $132 12. Bxf4 exf4 13. Bxc6
bxc6 14. Qf3 Bh3 15. Ng2 fxg3 $15) 11... Be6 12. Re1 Qd6 13. Rb1 b6 14. c4 {
Probably white should not hurry with this advance.} (14. Qc1 $5) 14... Nde7 15.
f4 (15. Bc3 Rad8 16. Qh5 f6 {and black can be satisfied with his position.})
15... Rad8 16. Kh1 {Now white is threatening 17.fxe5.} (16. fxe5 Nxe5 17. Bf4
Qc5+) 16... exf4 17. Bxf4 Qd7 18. Qd2 (18. Qh5 $2 Nd4 {[%csl Rc2,Rh5][%cal
Ge6g4]}) ({Comes into consideration} 18. Nf3 {,since the knight has nothing to
do on h4.}) 18... Nd4 ({Too naive is} 18... g5 $2 19. Bxg5 hxg5 20. Qxg5+ Kh7 (
20... Kf8 $2 21. Qh6+ Kg8 22. Rb5 $18) {[%tqu "En","Find the best attacking
continuation.","","","g3g4","The strongest attacking continuation.",15,"g2e4",
"",0]} 21. g4 $3 {[%cal Rg2e4] The strongest attacking continuation. White is
taking under control the important f5 square.} (21. Be4+ f5) 21... Ng6 (21...
Rg8 22. Be4+) (21... Bxg4 22. Be4+ Ng6 (22... f5 23. Qxg4 fxe4 24. Qh5+ $18)
23. Bf5 $1 Bxf5 24. Nxf5 $18) 22. Nf5 $40 Bxf5 (22... Kg8 23. Qf6 Bxf5 24. gxf5
Rxe1+ 25. Rxe1 $16) 23. gxf5 $18) 19. Re4 (19. Bxh6 $2 {does not work in view
of} gxh6 20. Qxh6 Nef5 21. Qg5+ Ng7) 19... Nef5 20. Rbe1 c5 ({Possible as well
is} 20... Nxh4 21. gxh4 c5) 21. Qf2 $6 (21. Nf3 $6 Nxf3 22. Bxf3 Qa4 $15) ({
Probably the best continuation for white would be} 21. Nxf5 Bxf5 22. Re5) 21...
Nxh4 22. gxh4 Bf5 {Black choses the solid way of play.} ({Risky, but possible
was} 22... Qa4 23. c3 Qc2) 23. R4e3 Rxe3 24. Bxe3 Bg6 {The two white bishops
are suppose to be strong in an open position such as this, but this is not the
case! In fact they are "shooting" into empty space. On top of that the black N
on d4 is quite strong.} 25. Bd5 Nf5 26. Bf4 Kh7 ({Also good is} 26... Re8) 27.
Be4 ({Probably stronger was} 27. Be5 {transfering the bishop to a better
diagonal.}) 27... h5 $6 {This move unnecessary weakens the g5 square.} ({After
} 27... Nd4 {black has a stable positional plus.}) 28. Rf1 ({Possible is} 28.
Qf3 {preventing the movement of black's knight. Black should reply with} Kg8
$15) 28... Nh6 $6 {This is certainly, not the best square for the knight.} ({
After} 28... Nd4 {black could still keep a slight advantage.}) 29. Bxg6+ {
After the mutual exchange of the light pieces, the position is balanced.} fxg6
30. Bxh6 Kxh6 31. Qf7 1/2-1/2

[Event "FIDE-Wch k.o."]
[Site "New Delhi/Teheran"]
[Date "2000.11.27"]
[Round "1.1"]
[White "Godena, Michele"]
[Black "Iordachescu, Viorel"]
[Result "1/2-1/2"]
[WhiteElo "2485"]
[BlackElo "2594"]
[Annotator "Postny,E"]
[PlyCount "72"]
[EventDate "2000.11.27"]
[EventType "k.o."]
[EventRounds "7"]
[EventCountry "IND"]
[SourceTitle "CBM 080"]
[Source "ChessBase"]
[SourceDate "2001.01.25"]
[SourceVersion "1"]
[SourceVersionDate "2001.01.25"]
[SourceQuality "1"]

1. e4 e5 2. Nf3 Nf6 3. Nc3 Nc6 4. d4 exd4 5. Nxd4 Bb4 6. Nxc6 bxc6 7. Bd3 O-O
8. O-O d5 9. exd5 cxd5 {In this well-known variation both sides complete their
piece developement without any difficulties.White has superior pawnstructure ,
on the other hand black has mobile pawncenter, white must put pressure on it,
otherwise he may found himself in worse position.} 10. Bg5 Be6 {Other
theoretical line starts with 10...c6} 11. Ne2 {[%cal Ge2d4,Ge2f4]} (11. Qf3 Be7
12. Rae1 h6 13. Bxh6 gxh6 14. Rxe6 fxe6 15. Qg3+ Kh8 16. Qg6 Qe8 17. Qxh6+ Kg8
18. Qg5+ $11 {1/2-1/2 Magem Badals,J-Torrecillas Martinez,A/Andorra la Vella
1999/EXT 2000 (21)}) (11. Nb5 c5 12. a3 Ba5 13. b4 cxb4 14. Qe1 h6 15. axb4 Bb6
16. Bh4 Re8 $11 {1-0 Malakhov,V-Grischuk,A/Moscow 1996/CBM 56 ext (100)}) 11...
h6 (11... Bd6 12. Nd4 c5 13. Nxe6 fxe6 14. c4 Be5 15. Qe2 Qd6 16. f4 Bd4+ 17.
Kh1 Rab8 $11 {1/2-1/2 Polgar,J-Salov,V/Madrid 1993/CBM 36 (32)}) 12. Bh4 Bc5 (
12... Bg4 13. c3 Bd6 14. Qc2 Re8 15. Rfe1 Be5 16. Bb5 Bd7 17. Bxd7 Qxd7 18.
Rad1 $14 {1/2-1/2 Rublevsky,S-Galdunts,S/Kurgan 1994/CBM 43 (38)}) (12... Bd6
13. Nd4 c5 14. Nxe6 fxe6 15. Qe2 e5 $132 {1-0 Salov,V-Nunn,J/Wijk aan Zee 1991/
CBM 22 (38)}) 13. c3 ({Interesting alternative could be} 13. Nf4 Rb8 (13... Re8
$6 14. Bb5 Rf8 15. c4) (13... Bd6 14. Nxe6 fxe6 15. c4 c6 {[%csl Rb2,Rh2][%cal
Gd8b8]} 16. Qe2 $14 {[%csl Gd3]}) 14. b3 Re8 15. Qf3 $36) 13... a5 $1 $146 {
[%cal Ga5b4]} (13... Rb8 14. b4 Be7 15. Nd4 Qd7 16. Qe2 Rb6 17. a4 g5 18. Bg3
c5 19. a5 cxd4 20. axb6 axb6 21. cxd4 Bxb4 22. Qb2 $18 {1-0 Gashimov,
V-Nakamura,A/Menorca 1996/Juniors (25)}) 14. Nd4 Bd7 15. Qf3 Rb8 ({after} 15...
g5 16. Bg3 Bg4 17. Bxc7 (17. Qe3 $13) 17... Bxf3 18. Bxd8 Bxd4 19. Bxf6 Bxf6
20. gxf3 Rab8 21. Rab1 Rb6 22. Rfc1 Rfb8 23. b3 {black does not achieve
complete equalize.}) 16. b3 {[%cal Gh4f6]} (16. Bxf6 {leads to equality after}
Qxf6 17. Qxd5 ({possible is} 17. Qxf6 gxf6 18. b3 $13) 17... Bxd4 (17... Bd6
18. b3 {and white is better}) 18. cxd4 Be6 $1 19. Qxa5 Qxd4 20. Rfd1 {[%csl
Rd4][%cal Gd3h7]} Qxb2 21. Qxc7 Bxa2 $11) 16... g5 17. Bg3 Bg4 18. Qe3 (18.
Bxc7 $2 {is refuted by:} Qxc7 19. Qxf6 Rb6 {[%csl Rf6]} 20. Nb5 Qb8 {and white
queen is trapped.}) 18... Re8 19. Qc1 {[%cal Gd4c6]} (19. Qd2 $6 Ne4 {with
tempo!} 20. Bxe4 dxe4 {and white cann't play 21.Nc6}) 19... Rb6 $1 {Best move
in the position.The rook placed very well on b6 defending some weaknesses in
black's position.} (19... Qd7 $6 20. h4 {[%csl Rg8]}) 20. f3 {[%csl Ye4]} ({
No good is} 20. h4 $2 {due to} Nh5 21. Bh2 gxh4 $17 {[%cal Yb6h6]}) 20... Bd7
21. Bf2 Nh5 {[%cal Gh5f4]} 22. Re1 (22. Ne2 $6 {[%csl Yf4]} Qe7 {[%csl Re2,Re3]
[%cal Gb6e6]}) 22... Nf4 23. Bf1 Rxe1 24. Qxe1 Qf6 25. Qd2 Rb8 {It's time now
to move the rook to the "e" file.} 26. Re1 Re8 27. Rxe8+ Bxe8 28. g3 Ng6 29.
Be2 Ne5 (29... Bd7 $142 30. Be3 Bd6 {preventing the breakthrough f3-f4.}) 30.
f4 $14 gxf4 31. Qxf4 Qxf4 32. gxf4 Ng6 33. Be3 Bd6 ({After} 33... Bd7 34. Bf3
c6 35. Kf2 {the endgame is slightly better for white as well.}) 34. Nf5 Bxf4
35. Ne7+ Kg7 36. Nxd5 Bxe3+ {[%csl Ra5,Rc7] Final position is still slightly
better for white.} 1/2-1/2

[Event "EU-ch 3rd"]
[Site "Batumi"]
[Date "2002.06.17"]
[Round "6"]
[White "Sturua, Zurab"]
[Black "Aleksandrov, Aleksej"]
[Result "1/2-1/2"]
[WhiteElo "2565"]
[BlackElo "2654"]
[Annotator "Postny,E"]
[PlyCount "65"]
[EventDate "2002.06.12"]
[EventType "swiss"]
[EventRounds "13"]
[EventCountry "GEO"]
[SourceTitle "CBM 090"]
[Source "ChessBase"]
[SourceDate "2002.09.20"]
[SourceVersion "1"]
[SourceVersionDate "2002.09.20"]
[SourceQuality "1"]

1. e4 e5 2. Nf3 Nc6 3. Nc3 Nf6 4. d4 exd4 5. Nxd4 Bb4 6. Nxc6 bxc6 7. Bd3 d5 8.
exd5 cxd5 9. O-O O-O 10. Bg5 c6 11. Na4 {[%cal Yc2c4] The most popular
continuation here is 11.Qf3. Another possibility is 11.Ne2.} Re8 {The main
alternatives are: 11...h6, 11...Be6.} 12. c4 ({The move} 12. c3 {took place in
several games.}) 12... h6 13. Bh4 Rb8 14. Rc1 Bd6 (14... Be6 15. cxd5 Bxd5 16.
Bb1 Bd6 17. Bg3 Rb4 18. a3 Rb8 19. Qd4 Bxg3 20. hxg3 a5 $11 {1/2-1/2 Milos,
G-Kamsky,G/Manila 1992/TD (28)}) 15. b3 Be6 16. cxd5 cxd5 ({Also possible} 
16... Bxd5 17. Bg3 Bxg3 18. hxg3 Qd6 19. Nc3 Qe5 20. Nxd5 cxd5 21. Qf3 Rbc8 22.
Qf5 Rxc1 23. Rxc1 Qd4 24. Rc8 g6 25. Rxe8+ {1/2-1/2 Kobalija,M-Vescovi,G/Wch
U18 1995 (25)}) 17. Nc5 Rb4 18. Bxf6 $6 $146 {This exchange certainly can not
cause any problems for black.} ({More logical is} 18. Bg3 Bxc5 (18... Bxg3 19.
hxg3 Ng4 $2 20. a3 Qg5 (20... Rd4 21. Bh7+ $18 {[%csl Rd4][%cal Gd1d4]}) 21.
axb4 Qh5 22. Re1 Qh2+ 23. Kf1 Qh1+ 24. Ke2 Qxg2 25. Kd2 Nxf2 26. Qe2 $18) 19.
Rxc5 Ne4 20. Rc1 Qg5 21. Rc7 a5 22. Ra7 Nxg3 23. hxg3 d4 $11 {1/2-1/2 Licina,
A-Trabert,B/Ptuj 1995/EXT 97 (54)}) (18. Nxe6 Bxh2+ (18... Rxh4 $6 {[%cal
Gd6h2]} 19. g3 $14) 19. Kh1 Rxh4 20. Nxd8 {and black gives a perpetual.}) 18...
Qxf6 19. Nxe6 fxe6 20. g3 {White has to play carefully in order to neutralize
black's initiative.} e5 21. Rc6 Rd4 22. Qc2 e4 23. Bb5 Rf8 24. Qc3 Rb4 25. Qxb4
$1 {This is probably the only move to avoid the worst.} Bxb4 26. Rxf6 Rxf6 27.
Rd1 Bc5 28. Rxd5 Bxf2+ $6 ({Stronger was} 28... Bb6 $1 {still retaining some
winning chances. Black wants to take on f2 with the R.} 29. Rd2 e3 30. Rc2
exf2+) 29. Kg2 Bb6 30. Re5 Rf2+ 31. Kh3 Rxa2 ({Black can play} 31... e3 {
but will not be able to make any progress in future.}) 32. Rxe4 Bg1 33. Re2
1/2-1/2

[Event "Olympiad-34"]
[Site "Istanbul"]
[Date "2000.10.30"]
[Round "3.3"]
[White "Dzhumaev, Marat"]
[Black "Peng, Xiaomin"]
[Result "0-1"]
[WhiteElo "2495"]
[BlackElo "2657"]
[Annotator "Postny,E"]
[PlyCount "72"]
[EventDate "2000.10.28"]
[EventType "team-swiss"]
[EventRounds "14"]
[EventCountry "TUR"]
[SourceTitle "EXT 2001"]
[Source "ChessBase"]
[SourceDate "2000.11.22"]
[SourceVersion "1"]
[SourceVersionDate "2000.11.22"]
[SourceQuality "1"]
[WhiteTeam "Uzbekistan"]
[BlackTeam "China"]
[WhiteTeamCountry "UZB"]
[BlackTeamCountry "CHN"]

1. e4 e5 2. Nf3 Nc6 3. Nc3 Nf6 4. g3 {Grandmaster Igor Glek often play this
line with sucsess.} Bb4 5. Bg2 O-O 6. O-O Bxc3 7. dxc3 ({Alternative is:} 7.
bxc3 Nxe4 (7... d5 8. exd5 Nxd5 9. Rb1 Re8 10. h3 e4 11. Nd4 Ne5 $6 12. Bxe4
Bxh3 13. Bxh7+ Kxh7 14. Qh5+ Kg8 15. Qxh3 $14 {1/2-1/2 Ahn,M-Mikhalevski,V/
Bonnevoie 1998/EXT 99 (49)}) 8. Nxe5 d5 9. Nxc6 bxc6 10. Ba3 Re8 11. Re1 Bf5
12. f3 Nd6 13. d3 Qg5 14. f4 $14 {1/2-1/2 Ponomariov,R-Kortschnoj,V/Cannes
1998/CBM 65 (46)}) 7... d6 (7... Nxe4 $143 8. Nxe5 Nxe5 9. Bxe4 d6 10. f4 Ng4
11. f5 Nf6 12. Bg2 Re8 13. g4 d5 14. Bg5 c6 15. Kh1 Qd6 16. Qd4 Ne4 17. Rae1 c5
18. Qd1 Qc6 19. c4 Nxg5 20. cxd5 $16 {[%cal Gh2h4] 1-0 Glek,I-Grabarczyk,M/
Katowice 1992/TD (40)}) 8. Nh4 ({More solid is:} 8. Qd3 $5 h6 9. c4 {[%csl Yd5]
preventing the breakthrough d6-d5.} Be6 10. Nh4 Qd7 11. Re1 Bh3 12. Bh1 Rae8
13. Bd2 Kh8 14. Bc3 g5 15. Nf5 $14 {1/2-1/2 Braga,F-Sorokin,M/Villa Gesell
1997/CBM 58 (50)}) 8... Be6 {[%cal Gd6d5]} 9. f4 exf4 10. Bxf4 (10. gxf4 $2
Nxe4 $17 {[%cal Rd8h4]}) 10... Qd7 $146 (10... Ng4 {[%csl Ye5]} 11. Nf5 Nge5
12. g4 f6 13. h3 Qd7 14. b3 Rae8 15. Bg3 Nf7 16. Qd2 Ng5 (16... Nce5 $142) 17.
Rae1 Bf7 $2 (17... Nf7) 18. e5 $1 {[%csl Rd7,Rg5]} Bg6 19. exd6 Nf7 20. Bd5 $18
{1-0 Glek,I-Rozentalis,E/Bonn 1994/CBM 40 (26)}) 11. Nf5 ({Worse is:} 11. Bg5
Ng4 {[%csl Ye5][%cal Yg4e5]} 12. Nf5 Nge5 {and black stands comfortable, as now
} 13. Nxg7 $2 Kxg7 14. Bf6+ (14. Qh5 f6 $17) {is refuted by} 14... Kg6 $1 $19 {
[%csl Yh5][%cal Gh7h6]} ({but not} 14... Kg8 $2 15. Qh5 $18 {[%csl Rg8][%cal
Rh5h6,Rh6g7]})) 11... d5 $6 {Opened positions are usually favour to the side
who has pair of bishops,that's why last move looks dubious.} ({Fundamental} 
11... Rfe8 {is probably better;} 12. Bg5 Bxf5 13. exf5 (13. Bxf6 $2 Bg4 $19)
13... Ne4 $132) 12. exd5 $6 {Leads to equality.} ({White missed strong
opportunity} 12. Ne3 $1 Nxe4 (12... dxe4 13. Qxd7 Bxd7 14. Bxc7 $14 {[%csl Ge3,
Re4][%cal Ga1d1]}) 13. c4 d4 14. Bxe4 dxe3 15. Qxd7 Bxd7 16. Rfe1 $14 {[%csl
Ge4,Gf4]}) 12... Nxd5 13. Bxd5 Bxf5 {[%csl Rc2]} (13... Bxd5 $4 14. Qg4 $18 {
[%cal Rg4d7,Rg4g7,Gf5h6]}) 14. Bb3 {Too optimistic.White wants to keep pair of
bishops and fight for the advantage, but his king is not safe and the
pawnstructure is worse.It was the right time to equalize a game:} (14. Bxc7 $1
{[%csl Gf1,Rf5]} Bxc2 $1 (14... Bg4 $2 15. Bxc6 $16) 15. Bxc6 Qxc6 (15... Qxd1
$2 16. Raxd1 Bxd1 17. Bxb7 Rae8 18. Rxd1 Re7 19. Bd6 $16) 16. Qxc2 Qxc7 17.
Rae1 $11) 14... Rad8 15. Bg5 Bg4 16. Qxd7 Rxd7 $15 17. Rae1 $6 {Careless move.}
({Better was} 17. a3 {[%csl Gb3][%cal Yb3a2] with idea to save white square
bishop from knight attack.}) (17. Kg2 {[%cal Gh2h3] also deserved attention.})
17... h6 18. Bf4 Na5 19. Re5 ({Computer's} 19. Ba4 {doesn't seems to be right;}
c6 {[%csl Ra4][%cal Gf8d8,Gg4e6]}) 19... Nxb3 20. cxb3 (20. axb3 $143 {[%csl
Rc2]}) 20... Be6 $1 {[%csl Ra2,Rb3]} 21. Rfe1 Rfd8 22. b4 (22. h4 $1 {is
logical in order to fix black pawns on the kingside.}) 22... Bxa2 ({Also
possible} 22... a6) 23. Ra5 (23. Re8+ $6 {The attempt of active counterplay
doesn't work:} Rxe8 24. Rxe8+ Kh7 25. Rc8 g5 $1 26. Be5 (26. Bxc7 $2 Be6 {
[%csl Rc7,Rc8][%cal Gd7d1]} 27. Kf2 $8 Rd2+ 28. Ke3 Rxh2 $19) 26... Re7 27.
Bxc7 Be6 28. Bd8 Rd7 29. Rb8 Rd2 {[%csl Rg1] with good winning chances}) 23...
Bc4 24. Rxa7 c6 {[%csl Ra7][%cal Gc4a6]} 25. Raa1 Kh7 $17 {Despite the
presence of opposite colour bishops, white have serious problems.All his
pieces are passive, while black may move on his kingside pawns step by step
and create a passed pawn.} 26. Re4 (26. Be3 {[%csl Yd4][%cal Ge3d4] doesn't
solve problems as well;} Re8 $1 27. Bd4 Rde7 28. Rxe7 Rxe7 $17 {[%csl Rb2,Rg1]
[%cal Ge7e2]}) 26... b5 27. Ree1 g5 28. Be3 Re8 29. Kf2 $6 (29. Bd4 {was
better relatively} Rde7 {[%csl Rb2][%cal Ye7e2]} 30. Rxe7 Rxe7 31. b3 Bxb3 32.
Kf2 Kg6 33. Re1 Be6 $17) 29... Rde7 {[%csl Gc4,Re2,Ge7,Ge8] Very unpleasant
pinning! White can play now only with rook a1 without immediate material
damage.} 30. Ra7 Re5 31. g4 Kg6 32. Rd7 R8e6 33. Rdd1 h5 34. gxh5+ Kxh5 {
It doesn't seems now, that white can hold the position.} 35. Rb1 Re4 36. b3 $2
{Loses right away.} Rf6+ (36... Rf6+ 37. Kg1 (37. Kg3 Rg4+ 38. Kh3 Rf3#) 37...
Rg4+ 38. Kh1 Bd5#) 0-1

[Event "Goodricke op 13th"]
[Site "Kolkata"]
[Date "2002.03.19"]
[Round "3"]
[White "Shariyazdanov, Andrey"]
[Black "Blauert, Joerg"]
[Result "1/2-1/2"]
[WhiteElo "2532"]
[BlackElo "2390"]
[Annotator "Postny,E"]
[PlyCount "51"]
[EventDate "2002.03.17"]
[EventType "swiss"]
[EventRounds "11"]
[EventCountry "IND"]
[SourceTitle "CBM 088"]
[Source "ChessBase"]
[SourceDate "2002.03.21"]
[SourceVersion "1"]
[SourceVersionDate "2002.03.21"]
[SourceQuality "1"]

1. e4 e5 2. Nf3 Nf6 3. Nc3 Nc6 4. g3 d5 5. exd5 Nxd5 6. Bg2 Nde7 $5 {[%csl Yd4]
The idea of this retreat is to prevent any tactical occasions on the h1-a8
diagonal, where black's NN are usually hanging. As well as black takes more
control on the d4 square, which migth prevent the standart d2-d4 strike. The
main line is 6...Nc3 7.bc Bd6.} 7. O-O (7. d3 Nf5 8. O-O Be7 {- see the game
Dzhumaev,M-Peng,X /Asian-ch 2001/CBM 85 [Postny]}) 7... g6 8. d4 $1 {The most
aggressive attempt to exploit black's undevelopment.} (8. b4 a6 9. a4 Bg7 10.
Ba3 O-O 11. b5 Nd4 12. Re1 Nxf3+ 13. Qxf3 Re8 14. Ne4 Nf5 15. c3 $13 {0-1
Pinski,J-Grabarczyk,M/POL 1998/EXT 2002 (34)}) 8... exd4 9. Nb5 Bg7 (9... a6
10. Nbxd4 Nxd4 11. Nxd4 Bg7 12. Nb3 Qxd1 13. Rxd1 O-O 14. c3 a5 15. Nc5 Nc6 16.
Bf4 a4 17. Bxc7 a3 18. bxa3 Rxa3 19. Ne4 $14 {1/2-1/2 Markidis,K-Jedryczka,K/
Patras 1999/CBM 72 ext (35)}) 10. Bf4 O-O {In my database I found only one
game, which came to this position and a draw was agreed here...} 11. Nxc7 Rb8
12. Nb5 Ra8 13. c3 (13. Re1 a6 14. Nd6 Nf5 {black gets reasonable position.})
13... dxc3 14. bxc3 (14. Nxc3 $11) 14... a6 (14... Nd5 $2 15. Bd6 Nxc3 16. Nxc3
Bxc3 17. Rc1 {and white is on top.}) 15. Nd6 $2 ({It was worth to try} 15. Nc7
$5 Ra7 16. Qb3 {White has the initiative.}) 15... Bxc3 16. Rc1 {White
certainly has compensation for the pawn, but it can be sufficient only for the
equality,since there is no serious weaknesses in black's camp.} Bg7 17. Ng5 {
[%csl Gg2][%cal Gg2a8]} Nd4 $6 ({Stronger is} 17... Nf5 {and after possible}
18. Nxb7 (18. Nge4 Qa5 $15) 18... Bxb7 19. Bxc6 Bxc6 20. Rxc6 Qa5 {there is
some pressure on white's position.}) 18. Re1 (18. Nxb7 Bxb7 19. Bxb7 Ra7 $11)
18... h6 19. Nge4 Nec6 ({Possible as well} 19... Nef5) 20. Nc5 Ne6 21. Nxe6
Bxe6 22. Nxb7 Qxd1 23. Rcxd1 Nd4 {White can not exploit the vulnerability of
black's Ra8, so black has not much to worry about...} 24. Be5 Nc2 25. Bxg7 Kxg7
26. Re2 ({After} 26. Re2 Rac8 {the game is completely even.}) 1/2-1/2

[Event "Podlehnik"]
[Site "Podlehnik"]
[Date "2001.04.24"]
[Round "1"]
[White "Mohr, Georg"]
[Black "Zheliandinov, Viktor"]
[Result "1-0"]
[WhiteElo "2480"]
[BlackElo "2398"]
[Annotator "Postny,E"]
[PlyCount "47"]
[EventDate "2001.04.24"]
[EventType "tourn"]
[EventRounds "10"]
[EventCountry "SLO"]
[EventCategory "9"]
[SourceTitle "CBM 083"]
[Source "ChessBase"]
[SourceDate "2001.07.05"]
[SourceVersion "1"]
[SourceVersionDate "2001.07.05"]
[SourceQuality "1"]

1. e4 e5 2. Nf3 Nc6 3. Nc3 Nf6 4. g3 Bb4 5. d3 d5 6. exd5 Nxd5 7. Bd2 Bg4 ({
The alternative way of development might be} 7... O-O 8. Bg2 Nxc3 9. bxc3 Bd6)
8. h3 Bh5 9. Bg2 Nxc3 (9... O-O 10. O-O Bxc3 11. bxc3 f5 12. Qb1 $1 Nb6 13. Re1
e4 $6 (13... Qf6) 14. Ng5 Qd7 15. Qb3+ Kh8 16. Be3 Rae8 17. Bc5 Rf6 18. dxe4 h6
19. e5 Rxe5 20. Rxe5 Nxe5 21. Bd4 Nec4 22. Bxf6 gxf6 23. Qb4 $1 hxg5 24. Qf8+
Kh7 25. Re1 Ne5 26. Qxf6 $16 {1-0 Onischuk,A-Pavasovic,D/Halle 1995/CBM 48 ext
(41)}) 10. bxc3 Ba5 11. O-O O-O 12. Re1 Re8 13. Rb1 $146 (13. Re4 $6 f5 14. Rh4
Bg6 15. Rb1 Bb6 16. c4 e4 17. dxe4 fxe4 18. Ng5 Qd4 $6 (18... Qd6) 19. Qe2 Ne5
$2 20. Bxe4 Nxc4 21. Be3 Nxe3 22. Bxg6 hxg6 23. Rxd4 Bxd4 24. Qd3 $18 {1-0
Didi,J-Jerabek,P/Jesenik 1999/EXT 2000 (43)}) 13... Bb6 14. a4 f6 ({Possible is
} 14... f5 {[%cal Ge5e4] and now the only move is} 15. Qc1 {with double-edged
position.}) 15. c4 $5 {[%csl Yd5][%cal Gc4d5]} ({In case of immediate} 15. g4
Bf7 16. Nh2 {[%cal Yh2f1,Yf1e3,Yf1g3] black should play} Bd5 $1 {[%csl Gg2]})
15... Qd6 16. g4 (16. Bc3 Rad8 $15) 16... Bf7 17. Nh2 {[%csl Yd5,Gg2][%cal
Yh2f1,Yf1e3,Gg2a8]} e4 $2 {After several solid moves black suddenly decides to
break through and it's not the right time...Instead of this black should
complete the development with 17...Rad8.} 18. Rxe4 Rxe4 19. Bxe4 Qg3+ (19...
Bxf2+ 20. Kxf2 Qxh2+ 21. Bg2 $16 {[%csl Rb7,Rc6,Rc7] ^^}) 20. Kh1 Qxf2 (20...
Qxh3 21. f4 $5 $16 {[%csl Rb6,Rb7,Rc6,Rc7]}) 21. Qe1 $1 {Black queen is
trapped for the exchange.The forthcoming endgame is favourable for white.}
Qxe1+ 22. Bxe1 {[%csl Ra7,Ra8,Rb6,Rb7,Rc6,Rc7]} Re8 23. Nf3 h5 $2 ({The best
practical chance was:} 23... Rxe4 24. dxe4 Bxc4 {and black is fighting for a
draw.}) 24. a5 {and black resigns...too early I think.} (24. a5 Bxa5 $1 (24...
Nxa5 25. c5 $18) (24... Bc5 25. Rxb7 $18) 25. Rxb7 (25. Bxc6 Rxe1+ 26. Nxe1
bxc6 $16) 25... Bxe1 26. Bxc6 Re2 27. Nxe1 Rxe1+ 28. Kg2 hxg4 29. hxg4 a5 30.
Rxc7 {[%csl Gc4,Gd3]} Re2+ 31. Kf3 Rxc2 {and the technical work is still
required.}) 1-0